Základy klinické imunologie /

Uložené v:
Podrobná bibliografia
Hlavný autor: Zavázal, Vladimír, 1928-1996 (Author)
Médium: Kniha
Jazyk:Czech
Vydané: Praha : Státní pedagogické nakladatelství, 1968.
Vydanie:2. přeprac. vyd.
Edícia:Učební texty vysokých škol
ISBN: (brož.)
Fyzický popis: 102 s.
Tagy: Pridať tag
Žiadne tagy, Buďte prvý kto otaguje tento záznam!

MARC

LEADER 00000nam a2200000 a 4500
001 000177607
005 20101102191512.0
008 010122s1968 xr e cze d
020 |a (brož.)  |c Kčs 8,50 
040 |a SVKKK  |b slo  |c SVKKK  |e AACR2 
041 0 |a cze 
044 |a xr  |c CZ 
100 1 |a Zavázal, Vladimír,  |d 1928-1996  |4 aut 
245 1 0 |a Základy klinické imunologie /  |c Vladimír Zavázal. 
250 |a 2. přeprac. vyd. 
260 |a Praha :  |b Státní pedagogické nakladatelství,  |c 1968. 
300 |a 102 s. 
490 1 |a Učební texty vysokých škol 
910 |a svkkk 
998 |a BK 
090 |g SCKHL  |k Sklad Pribinova 3. posch.  |a V.69547  |j 398577  |i 177607-10  |s Absenčne